| 000 | 00408nam a22001457a 4500 | ||
|---|---|---|---|
| 005 | 20170724124837.0 | ||
| 008 | 170724b xxu||||| |||| 00| 0 eng d | ||
| 022 | _a02507196 | ||
| 040 | _cPK-LaUMT | ||
| 082 |
_aZIAC 297.05 _bHAM- |
||
| 245 |
_aHamdard Islamicus (July-September 2012 , V-35 , No.3)/ _cSadia Rashid(Editor) |
||
| 260 |
_aKarachi: _bHamdard foundation, _c2012 |
||
| 300 | _a112 p. | ||
| 942 | _cBK | ||
| 999 |
_c95614 _d95614 |
||